000 00560nam a22001937a 4500
999 _c6056
_d6056
003 AR-CdUCM
008 190313b ||||| |||| 00| 0 spa d
040 _aMUNICIPALIDAD PROVINCIAL DEL CUSCO
_cBIBLIOTECA MUNICIPAL DEL CUSCO
082 _a869.008 /
_b P26
100 _aDe La Parra, Teresa.
_917652
245 _aMemorias de Mama Blanca /
300 _a156 paginas ;
_c17 cm.
500 _aDonación de la familia Nieto
505 _aNovela
650 _aNovela Latinoamericana
_9130
650 _aLiteratura
_983
942 _2ddc
_cLIBROS
945 _awnts